000 00672nam a2200181 4500
001 145212
003 ES-MaACL
005 20231228210629.0
007 t|
008 070214q1944 sp r ||||1| spa d
100 1 _aSopeña Ibáñez, Federico,
_d1917-1991
_9107321
245 1 0 _aEn torno a la música de cámara de Brahms
_b: notas para su interpretación por la Agrupación Nacional de Música de Cámara /
_cFederico Sopeña.
260 _aMadrid :
_b[s. n.],
_c[1944?] (
_fImp. de Samarán)
300 _a8 h. :
_bil. ;
_c17 cm.
710 2 _aAgrupación Nacional de Música de Cámara.
_91295
852 _aES-MaACL
_j1837-F-23
_bR.21386
999 _c145212
_d145212